茶花女

資料類型: Book 圖書   書目號:32846

Leader xxxxxxxxxx
001 __ 86022776
005 __ 19941110162512.0
008 __                                    chi  
010 0_ |a957-558-289-6|b平裝|d新臺幣120元
100 __ |a19940514d1991    cd y0chiy0109    e.
101 1_ |achi |ceng.
102 __ |acw.
105 __ |aa   z   000ay.
200 1_ |a茶花女|e|f小仲馬原著|g蔡家茹改寫|g陳孝忠圖.
205 __ |a
210 __ |a臺南市|c大千文化|d民80.
215 0_ |a252面|c|d22公分.
225 2_ |a世界文學注音版全集|v1.
260 1_ |a1991.
300 __ |a
302 __ |a國語注音.
606 __ |2csh|a西洋小說.
681 __ |a859.6|b4607|y80 v.1|v增訂七版.
700 _1 |a小仲馬|b|4原著.
702 _1 |a|b家茹|4改寫.
702 _1 |a|b孝忠|4圖.
詳細館藏(共 1 筆)
索 書 號登 錄 號冊次號館別 / 館藏地流通類型狀態加入預約清單電子資源
859.6 / 8473 2013285 v1 圖書館 / 一樓普通區 可外借30天 在館   

| 條列資料




目錄查詢 分類查詢 個人資料 圖書薦購 新書查詢 閉館日 排行榜 更多電子資源 Hami書城 線上資料庫 登出

From : 216.73.216.116

  本日流通累計至 21:34:58 借閱 : 9 次 續借 : 0 次 歸還 : 10 次 預約 : 0 次 電子資源 : 0 次


內湖高中圖書館  PCLIS 版本  25.5.0.2